000
00281nam a2200109Ia 4500
020
_a
0 2736 0765 0
082
_a
NF 650
100
_a
WISNIEWSKI, M
_9
161866
245
0
_a
FOUNDATION QUANTITATIVE METHODS FOR BUSINESS
942
_y
561
_z
John Tresidder
999
_c
630503
_d
630502